00297nam a2200109Ia 4500008004100000100002300041245004700064250000800111260004200119300000800161650001800169191201s2005 xx 000 0 und d aMUKHERJEE, Aabharm 0aHow to Recognise Common Mistake in English a1st aN.DelhibBlack Rose Publicationc2005 a200 aGeneral Books